Представление документа в формате MARC21

Поле Инд. ПП Название Значение
Тип записи a
Библиографический уровень m
001 Контрольный номер RU/LIBMSTU/403710559
005 Дата корректировки 20160413114843.9
008 Кодируемые данные 121022|||||||||ru |||||||||||000|||rus||
020 a ISBN 978-5-86185-655-3
040 b Код языка каталог. rus
041 0_ a Код языка текста rus
084 a Индекс другой классификации/Индекс ББК 26.22+28.08+20.1
090 a Полочн. индекс 26.2
x Авторский знак Д 21
100 1_ a Автор Даувальтер В. А.
110 2_ a Организация/ юрисдикция Мурманский государственный технический университет
245 10 a Заглавие Геоэкология донных отложений озер
b Продолж. заглавия монография
c Ответственность Федер. агентство по рыболовству [и др.]
260 a Место издания Мурманск
b Издательство Изд-во МГТУ
c Дата издания 2012
300 a Объем 242 с.
b Иллюстрации/ тип воспроизводства ил.
500 a Примечание Имеется электрон. аналог 2012 г.
504 a Библиография Библиогр.: с. 216-242
583 x Служебное примечание Труды преподавателей МГТУ
x Служебное примечание Краеведческий каталог
650 04 a Основная рубрика Геоэкология-Мурманская область-Учебные издания для высших учебных заведений
651 _4 a Географическое наименование Мурманская область
653 0_ a Ключевые слова Биологическая доступность; Биологические факторы; Геоэкология; Донные отложения; Загрязнение водных объектов; Загрязнение озер; Загрязнение окружающей среды; Концентрации металлов; Качество воды; Озера Мурманской области; Поверхностные воды; Предельно допустимые концентрации; Физические факторы; Химический состав донных отложений озер; Химические факторы; Экологическая опасность
a Ключевые слова Монографии
901 t Тип документа m
952 c Вид литературы монография